1348 1911 1776 1300 1283 1358 1953 1949 2000 1452 1504 1167 1033 1927 1051 1769 1705 1143 1647 1281 1960 1639 1739 1766 1721 1787 1331 1120 1384 1426 1498 1836 1875 1685 1421 1451 1606 1292 1678 1083 1275 1622 1824 1971 1789 1644 1592 1490 1458 1989 1140 1259 1529 1090 1610 1605 1044 1491 1969 1075 1859 1044 1199 1918 1709 1537 1345 1596 1348 1081 1861 1844 1913 1773 1796 1640 1568 1104 1218 1426 1929 1777 1759 1147 1058 1064 1914 1824 1242 1709 1444 1692 1031 1780 1819 1176 1168 1020 1325 BCNSPRNW ULIB Ver.6.0+V

เปลี่ยนเป็นภาษาไทย

Change to English
 แสดงรายละเอียดบรรณานุกรม
  กลับหน้าหลัก

Brief Record : Get Marc (ISO 2709) : E-mail record : QR code < ปิดหน้าต่าง
LEADER : 00000nam 2200000uu 4500
001    13399113609
003     ULIB
008    111201s2551||||th 000 0 tha d
020    ^a9789741047154
090    ^aนว.^bพ840ร 2551
100 0  ^aพู่กันสีฝุ่น
245 00 ^aSweet Ice Cream รักนี้หวานเย็นจับใจ/^cพู่กันสีฝุ่น
250    ^aพิมพ์ครั้งที่ 1
260    ^aกรุงเทพฯ :^bแจ่มใส,^c2551
300    ^a174 หน้า
710 1  ^aแจ่มใส
945    ^p149^l0^i15038
995    ^aทศพร
999    ^aใช้งานได้ทุกระบบ
รายการนี้ยังไม่มีแท็ก
คุณยังไม่ได้ล็อกอิน คุณสามารถมีกิจกรรมร่วมกับเว็บไซต์ได้ แต่ต้องล็อกอินก่อน ::
  ล็อกอิน

รายการสื่อสารสนเทศ

ลำดับที่ ประเภท เลขเรียก/บาร์โค้ด สถานที่ สถานะ
1. นวนิยาย
นวนิยาย
นว. พ840ร 2551 ฉ.1 
  Barcode: 15038
ห้องสมุดวิทยาเขตสวรรค์ประชารักษ์
►นวนิยาย
บนชั้น
  ขอยืม

BibComment


ยังไม่เคยถูกคอมเมนท์

คอมเมนท์ทรัพยากรรายการนี้
  คอมเมนท์: Sweet Ice Cream ..


 Copyright 2026. Bcnsprnw @Library